Ed Bott's your new PC : Seven easy steps to help you get started / (Record no. 61916)
[ view plain ]
| 000 -LEADER | |
|---|---|
| fixed length control field | 00517nam a22001577a 4500 |
| 005 - DATE AND TIME OF LATEST TRANSACTION | |
| control field | 20181122134021.0 |
| 008 - FIXED-LENGTH DATA ELEMENTS--GENERAL INFORMATION | |
| fixed length control field | 120203t xxu||||| |||| 00| 0 eng d |
| 020 ## - INTERNATIONAL STANDARD BOOK NUMBER | |
| International Standard Book Number | 8120328353 |
| Terms of availability | 195.00 |
| 035 ## - SYSTEM CONTROL NUMBER | |
| System control number | B-181891,B-181888, B-181906 |
| 040 ## - CATALOGING SOURCE | |
| Original cataloging agency | DPL |
| Language of cataloging | ENG |
| 100 ## - MAIN ENTRY--PERSONAL NAME | |
| Personal name | Bott, Ed |
| 9 (RLIN) | 40723 |
| 245 ## - TITLE STATEMENT | |
| Title | Ed Bott's your new PC : Seven easy steps to help you get started / |
| Statement of responsibility, etc | by Ed Bott |
| 260 ## - PUBLICATION, DISTRIBUTION, ETC. (IMPRINT) | |
| Place of publication, distribution, etc | New Delhi |
| Name of publisher, distributor, etc | Prentice-Hall of India |
| Date of publication, distribution, etc | 2005 |
| 300 ## - PHYSICAL DESCRIPTION | |
| Extent | vii, 214p. |
| Dimensions | 22 cms. |
| 942 ## - ADDED ENTRY ELEMENTS (KOHA) | |
| Source of classification or shelving scheme | Dewey Decimal Classification |
| Item type | English Books |
| Classification part | 004.1 |
| Call number suffix | BOT |
| Withdrawn status | Lost status | Source of classification or shelving scheme | Damaged status | Not for loan | Collection code | Home library | Current library | Shelving location | Date acquired | Cost, normal purchase price | Total Checkouts | Full call number | Barcode | Date last seen | Cost, replacement price | Koha item type | Source of acquisition |
|---|---|---|---|---|---|---|---|---|---|---|---|---|---|---|---|---|---|
| Dewey Decimal Classification | Non-fiction | Sarojini Nagar | Sarojini Nagar | General Stacks | 03/02/2012 | 195.00 | 004.1 BOT | B-181891 | 29/08/2012 | 195.00 | English Books | ||||||
| Dewey Decimal Classification | Non-fiction | Tri Nagar | Tri Nagar | 11/07/2018 | 195.00 | 004.1 BOT | B-181888 | 11/07/2018 | 195.00 | English Books | BPPD/pub | ||||||
| Dewey Decimal Classification | Non-fiction | Vigyan Vihar | Vigyan Vihar | 22/11/2018 | 195.00 | 004.1 BOT | B-181906 | 22/11/2018 | 195.00 | English Books | BPPD/PUB |
